| 000 | 00862nam a2200253Ia 4500 | ||
|---|---|---|---|
| 003 | OSt | ||
| 005 | 20220927105648.0 | ||
| 006 | a|||||r|||| 00| 0 | ||
| 007 | ta | ||
| 008 | 220926b |||||||| |||| 00| 0 eng d | ||
| 024 | _a195132 | ||
| 037 | _cReference Collections | ||
| 040 |
_aRTL _cRTL _beng |
||
| 041 |
_2eng _aeng |
||
| 082 | _a"X9(F56):8, M1/Th" | ||
| 100 |
_aGUPTA Ravindra Kumar _9374055 |
||
| 245 | 0 | _aManagement of corporate earnings in pharmaceutical industry. | |
| 260 |
_a"Delhi," _b"University of Delhi, " _c1981 |
||
| 300 |
_a309p Bibliography: P 300-09 _ccm. |
||
| 490 | _a"University of Delhi, Commerce (Deptt. of-), Thesis. Thesis, University of Delhi, Commerce (Deptt. of-" | ||
| 500 | _aAppendix: P 266-99 | ||
| 942 |
_h"X9(F56):8, M1/Th" _cCC |
||
| 999 |
_c693749 _d693749 |
||